Normal view
MARC view
- Abstracts.
Entry Genre/Form Term
001 - CONTROL NUMBER
- control field: 23391
003 - CONTROL NUMBER IDENTIFIER
- control field: NUST
005 - DATE AND TIME OF LATEST TRANSACTION
- control field: 20191009120644.0
008 - FIXED-LENGTH DATA ELEMENTS
- fixed length control field: 191009|| aca||aabn | a|a d
040 ## - CATALOGING SOURCE
- Original cataloging agency: NUST
- Transcribing agency: NUST
155 ## - HEADING--GENRE/FORM TERM
- Genre/form term: Abstracts.
670 ## - SOURCE DATA FOUND
- Source citation: Work cat.: (NUST)0: Psychological abstracts.
